000 00242nam a2200109Ia 4500
008 230320s9999||||xx |||||||||||||| ||spa||
082 _a868.6/U53U5
100 _aDe Unamuno, Miguel
245 0 _aEnsayos
260 _bAguilar
942 _80
_cLIB
999 _c32193
_d32193